Kluby w Ekstraklasie w sezonie 2024/25 - Statystyki

Ogólne statystyki
  • Ten quiz został rozwiązany 1 291 razy
  • Średni wynik to 14 z 18
Statystyki odpowiedzi
Klub % Poprawnych
Lech Poznań
99%
Legia Warszawa
99%
Jagiellonia Białystok
88%
Raków Częstochowa
87%
Śląsk Wrocław
87%
Lechia Gdańsk
85%
Pogoń Szczecin
85%
Motor Lublin
80%
Cracovia
79%
GKS Katowice
79%
Górnik Zabrze
75%
Zagłębie Lubin
74%
Widzew Łódź
73%
Puszcza Niepołomice
70%
Korona Kielce
67%
Stal Mielec
67%
Radomiak Radom
66%
Piast Gliwice
62%
Nie znaleziono quizów pasujących do podanych kryteriów
Rozkład punktacji
Procent ludzi z każdym wynikiem
Percentyl według liczby udzielonych odpowiedzi
Twoja historia wyników
Nie rozwiązałeś tego quizu